Code Cracker! XI Quiz Stats

Quiz Updated Dec 13, 2017

Also try: Code Cracker! X
Challenge
Share
Tweet
Score 0/161 Timer 04:00
0 Plays Today
% Correct
✔​​​
100%
P​
100%
P​
100%
✔​​​
100%
X​
100%
✔​​​
92.6%
E​
92.6%
E​
92.6%
E​
92.6%
E​
92.6%
E​
92.6%
E​
92.6%
E​
92.6%
E​
92.6%
E​
92.6%
E​
92.6%
E​
92.6%
E​
92.6%
E​
92.6%
✔​​​
90.4%
R​
90.4%
R​
90.4%
R​
90.4%
R​
90.4%
R​
90.4%
R​
90.4%
R​
90.4%
R​
90.4%
R​
90.4%
R​
90.4%
R​
90.4%
✔​​​
89.1%
A​
89.1%
A​
89.1%
A​
89.1%
A​
89.1%
A​
89.1%
A​
89.1%
A​
89.1%
A​
89.1%
A​
89.1%
A​
89.1%
A​
89.1%
A​
89.1%
A​
89.1%
A​
89.1%
A​
89.1%
A​
89.1%
A​
89.1%
✔​​​
86.3%
H​
86.3%
H​
86.3%
H​
86.3%
H​
86.3%
% Correct
H​
86.3%
H​
86.3%
H​
86.3%
H​
86.3%
H​
86.3%
✔​​​
86.3%
S​
86.3%
S​
86.3%
S​
86.3%
S​
86.3%
S​
86.3%
S​
86.3%
S​
86.3%
S​
86.3%
S​
86.3%
✔​​​
86.1%
I​
86.1%
I​
86.1%
I​
86.1%
I​
86.1%
I​
86.1%
I​
86.1%
I​
86.1%
I​
86.1%
I​
86.1%
✔​​​
84.6%
N​
84.6%
N​
84.6%
N​
84.6%
N​
84.6%
N​
84.6%
N​
84.6%
N​
84.6%
N​
84.6%
N​
84.6%
N​
84.6%
✔​​​
83.5%
O​
83.5%
O​
83.5%
O​
83.5%
O​
83.5%
O​
83.5%
O​
83.5%
O​
83.5%
O​
83.5%
O​
83.5%
✔​​​
81.3%
L​
81.3%
L​
81.3%
L​
81.3%
L​
81.3%
L​
81.3%
L​
81.3%
L​
81.3%
% Correct
L​
81.3%
✔​​
81.2%
C​
81.2%
C​
81.2%
C​
81.2%
C​
81.2%
C​
81.2%
✔​​​
79.3%
U​
79.3%
U​
79.3%
U​
79.3%
U​
79.3%
✔​​
78.6%
Y​
78.6%
Y​
78.6%
Y​
78.6%
Y​
78.6%
✔​​​
75%
B​
75%
B​
75%
B​
75%
B​
75%
B​
75%
✔​​​
74.7%
W​
74.7%
W​
74.7%
W​
74.7%
W​
74.7%
✔​​​
74.2%
T​
74.2%
T​
74.2%
T​
74.2%
✔​​​
71.1%
Q​
71.1%
✔​​​
69.6%
F​
69.6%
F​
69.6%
✔​​​
69.4%
K​
69.4%
K​
69.4%
K​
69.4%
✔​​​
69%
M​
69%
✔​​​
67.3%
V​
67.3%
✔​​​
64.3%
G​
64.3%
✔​​​
63.8%
D​
63.8%
✔​​
58.1%
Z​
58.1%
✔​​​
52.3%
J​
52.3%

You're not logged in!

Compare scores with friends on all Sporcle quizzes.
Sign Up with Email
OR
Log In

You Might Also Like...

Show Comments

Extras

Top Quizzes Today


Score Distribution

Your Account Isn't Verified!

In order to create a playlist on Sporcle, you need to verify the email address you used during registration. Go to your Sporcle Settings to finish the process.

Report this User

Report this user for behavior that violates our Community Guidelines.

Details: